000
00327nam a2200133Ia 4500
100
_a
UNIX System V/386 RELEASE 4
942
_c
BK
654
_a
scsi driver interface
245
_a
Programmers'''' guide : SCSI Driver
260
_b
Prentice Hall of India
_a
New Delhi
_c
1992
300
_a
752
546
_a
ENGLISH
999
_c
34443
_d
34443